Migliori marcatori di ogni squadra - calcio - Statistics

Statistiche generali
  • Questo quiz è stato fatto 2.272 volte
  • Il punteggio medio è 11 su 16
Statistiche sulle risposte
SQADRA MARCATORI % Corretto
REAL MADRID Cristiano Ronaldo
98%
BARCELLONA Lionel Messi
96%
ROMA Francesco Totti
95%
JUVENTUS Alessandro Del Piero
94%
UDINESE Antonio Di Natale
90%
FIORENTINA Gabriel Batistuta
81%
MANCH. CITY Sergio Agüero
80%
NAPOLI Dries Mertens
77%
BAYERN MONACO Gerd Müller
76%
MANCH. UNITED Wayne Rooney
74%
INTER Giuseppe Meazza
66%
CHEALSEA Frank Lampard
45%
MILAN Gunnar Nordahl
40%
AJAX Johan Cruyff
39%
LIVERPOOL Ian Rush
26%
ATLETICO MADRID Luis Aragonés
7%
Nessun quiz corrispondente trovato
Distribuzione punteggi
Percentuale di utenti per punteggio
Percentile per numero di risposta
I tuoi punteggi nel tempo
Non hai fatto questo quiz